000 00415nam a22001937i 4500
001 5161
003 OSt
005 20170126082343.0
007 tu
008 161220s2001 xxu||||| |||| 00| 0 d
024 7 _a5161
_2RID
024 7 _a5161
_2RSN (alt)
040 _cOSt
245 0 0 _aOECD Economic Outlook
260 _aParis,
_c2001.
300 _a291 S. ;
_c30cm.
490 _aOECD Economic Outlook
_v69
110 2 _aOECD
942 _cB
999 _c5004
_d5004